Základné údaje za základné umelecké školy, špeciálne školy, školské družiny a školské kluby pri základných a špeciálnych školách v Slovenskej republike za školský rok 1993/94

Enregistré dans:
Détails bibliographiques
Format: Livre
Langue:slovaque
Publié: Bratislava Štatistický úrad SR 1994
Édition:1. vyd.
Collection:Štatistické čísla a grafy
Sujets:
Tags: Ajouter un tag
Pas de tags, Soyez le premier à ajouter un tag!

MARC

LEADER 00000nam a2200000 4500
001 c005283
005 20221214075154.2
041 0 |a slo 
044 |a SK 
245 1 0 |a Základné údaje za základné umelecké školy, špeciálne školy, školské družiny a školské kluby pri základných a špeciálnych školách v Slovenskej republike za školský rok 1993/94 
250 |a 1. vyd. 
264 1 |a Bratislava  |b Štatistický úrad SR  |c 1994 
300 |a 7 s. 
490 1 |a Štatistické čísla a grafy 
830 0 |a Štatistické čísla a grafy 
610 2 0 |a údaje štatistické 
610 2 0 |a Slovensko 
610 2 0 |a 1993-1994 
610 2 0 |a školy základné 
610 2 0 |a školy stredné 
610 2 0 |a informácie